Japanese fine art
The purpose of the Tourist Library Series is to give foreigners interested in Japan a basic knowledge of various phases of Japanese culture. When completed, the series is expected to include a hundred volumes or so, and will give a complete picture of Japanese culture, old and new.
Đã lưu trong:
| 主要作者: | |
|---|---|
| 格式: | 圖書 |
| 語言: | Undetermined |
| 出版: |
Tokyo
Japan Travel Bureau
1960
|
| 主題: | |
| 標簽: |
添加標簽
沒有標簽, 成為第一個標記此記錄!
|
| Thư viện lưu trữ: | Trung tâm Học liệu Trường Đại học Cần Thơ |
|---|
| LEADER | 00732nam a2200181Ia 4500 | ||
|---|---|---|---|
| 001 | CTU_108284 | ||
| 008 | 210402s9999 xx 000 0 und d | ||
| 082 | |a 709.52 | ||
| 082 | |b S129 | ||
| 100 | |a Sagara, Tokuzo | ||
| 245 | 0 | |a Japanese fine art | |
| 245 | 0 | |c Tokuzo Sagara | |
| 260 | |a Tokyo | ||
| 260 | |b Japan Travel Bureau | ||
| 260 | |c 1960 | ||
| 520 | |a The purpose of the Tourist Library Series is to give foreigners interested in Japan a basic knowledge of various phases of Japanese culture. When completed, the series is expected to include a hundred volumes or so, and will give a complete picture of Japanese culture, old and new. | ||
| 650 | |a Art, japanese | ||
| 980 | |a Trung tâm Học liệu Trường Đại học Cần Thơ | ||